000 00886nas a2200253 4500
001 BR8704970
003 BR-BrBNA
005 20231205090735.0
007 ta
008 230509b bl.|||p| |||| 00| 00por d
040 _aBR-BrBNA
_bpor
_cBiblioteca Nacional de Agricultura
041 _a(Pt)
072 _aQ04
100 1 _aLima, C.A. de A.
100 1 _aLima, E.D.P. de A.
245 1 _aEstudo da utilizacao da farinha integral da algaroba (Prosopis juliflora (S.W)D.C.)na alimentacao humana
246 1 _a[Study of the utilization of whole beans flour (Mesquite beans), (Prosopis juliflora (SW and D.C.)in human nutrition]
650 _aFARINHA
650 _aVALOR NUTRITIVO
650 _aPARAIBA
773 0 _tAgropecuaria Tecnica (Brazil)
_xISSN 0100-7467
_g(Jan-Jun 1985), v. 6(1) p. 8-17
_wBR8704970
909 _a202311
_bLúcia
_c55
_dLúcia Elande
942 _2AGRIS
_n0
_cANA
999 _c120565
_d120565